00411nam a2200133Ia 4500003000400000008004100004040001600045082001700061100002100078245008000099700001800179260005100197650002900248GCL140319s9999 xx 000 0 eng d aGCL / cGCL04a616.079bJ I1 aJANEWAY, CHARLES10aIMMUNOBIOLOGY: THE IMMUNE SYSTEM IN HEALTH AND DISEASE / cJANEWAY, CHARLES1 aTRAVERS, PAUL a[S.N] : bBLACKWELL SAINTIFIC PUBLIC ، c199404aIMMUNE SYSTEM PHYSIOLOGY